Автоматизация управления жизненным циклом продукции / ДО 2017: электронный курс
| Egile nagusia: | |
|---|---|
| Erakunde egilea: | |
| Gaia: | Заглавие с экрана Целью изучения дисциплины «Автоматизация управления жизненным циклом продукции» является формирование знаний в области автоматизации управления жизненным циклом продукции, основных методов и технологий систем управления жизненным циклом. Задачей изучения дисциплины является приобретение студентами практических навыков работы в автоматизированных системах технической подготовки производства и управления им, автоматизированных системах управления предприятием, их отдельных подсистем, оптимизации управления по критерию экономической эффективности и высокой конкурентоспособности продукции. Дисциплина «Автоматизация управления жизненным циклом продукции» относится к вариативной части междисциплинарного профессионального модуля и рекомендована ФГОС. Пререквизитами являются дисциплины «Метрология, стандартизация и сертификация 1.1», «Программирование и алгоритмизация». Изучаемая дисциплина непосредственно связана с дисциплинами (постреквизиты): «Компьютерные технологии в инженерной деятельности», «САПР технологических процессов нефтегазовых производств». Данная дисциплина изучается в 6 семестре. Доступ по логину и паролю |
| Hizkuntza: | errusiera |
| Argitaratua: |
Томск, TPU Moodle, 2020
|
| Gaiak: | |
| Sarrera elektronikoa: | https://design.lms.tpu.ru/course/view.php?id=3422 |
| Formatua: | MixedMaterials Baliabide elektronikoa Liburua |
| KOHA link: | https://koha.lib.tpu.ru/cgi-bin/koha/opac-detail.pl?biblionumber=667624 |
MARC
| LEADER | 00000nlm0a2200000 4500 | ||
|---|---|---|---|
| 001 | 667624 | ||
| 005 | 20231102030934.0 | ||
| 035 | |a (RuTPU)RU\TPU\network\38829 | ||
| 035 | |a RU\TPU\network\38828 | ||
| 090 | |a 667624 | ||
| 100 | |a 20220407d2020 m y0rusy50 ca | ||
| 101 | 0 | |a rus | |
| 102 | |a RU | ||
| 105 | |a a j 000zy | ||
| 135 | |a jrcn ---uucaa | ||
| 181 | 0 | |a i | |
| 182 | 0 | |a b | |
| 200 | 1 | |a Автоматизация управления жизненным циклом продукции / ДО 2017 |e электронный курс |f Г. Л. Паньшин |g Национальный исследовательский Томский политехнический университет, Инженерная школа информационных технологий и робототехники, Отделение автоматизации и робототехники | |
| 203 | |a Текст |c электронный | ||
| 210 | |a Томск |c TPU Moodle |d 2020 | ||
| 230 | |a Электрон. дан. | ||
| 300 | |a Заглавие с экрана | ||
| 330 | |a Целью изучения дисциплины «Автоматизация управления жизненным циклом продукции» является формирование знаний в области автоматизации управления жизненным циклом продукции, основных методов и технологий систем управления жизненным циклом. Задачей изучения дисциплины является приобретение студентами практических навыков работы в автоматизированных системах технической подготовки производства и управления им, автоматизированных системах управления предприятием, их отдельных подсистем, оптимизации управления по критерию экономической эффективности и высокой конкурентоспособности продукции. Дисциплина «Автоматизация управления жизненным циклом продукции» относится к вариативной части междисциплинарного профессионального модуля и рекомендована ФГОС. Пререквизитами являются дисциплины «Метрология, стандартизация и сертификация 1.1», «Программирование и алгоритмизация». Изучаемая дисциплина непосредственно связана с дисциплинами (постреквизиты): «Компьютерные технологии в инженерной деятельности», «САПР технологических процессов нефтегазовых производств». Данная дисциплина изучается в 6 семестре. | ||
| 333 | |a Доступ по логину и паролю | ||
| 606 | 1 | |a Промышленная продукция |x Анализ |2 stltpush |3 (RuTPU)RU\TPU\subj\72711 |9 86115 | |
| 610 | 1 | |a электронный ресурс | |
| 610 | 1 | |a труды учёных ТПУ | |
| 610 | 1 | |a электронные учебные пособия | |
| 610 | 1 | |a Moodle | |
| 610 | 1 | |a e-learning | |
| 610 | 1 | |a электронное обучение | |
| 610 | 1 | |a электронные курсы ТПУ | |
| 610 | 1 | |a электронные образовательные ресурсы | |
| 610 | 1 | |a дистанционное образование | |
| 610 | 1 | |a дистанционное обучение | |
| 610 | 1 | |a автоматизация | |
| 610 | 1 | |a жизненные циклы | |
| 610 | 1 | |a стандарты | |
| 610 | 1 | |a CALS | |
| 610 | 1 | |a IDEF-технологии | |
| 610 | 1 | |a интерактивные электронные технические руководства | |
| 675 | |a 658.511(075.8) |v 4 | ||
| 700 | 1 | |a Паньшин |b Г. Л. |c специалист в области информатики и вычислительной техники |c ассистент Томского политехнического университета |f 1987- |g Геннадий Леонидович |2 stltpush |3 (RuTPU)RU\TPU\pers\32811 | |
| 712 | 0 | 2 | |a Национальный исследовательский Томский политехнический университет |b Инженерная школа информационных технологий и робототехники |b Отделение автоматизации и робототехники |h 7952 |2 stltpush |3 (RuTPU)RU\TPU\col\23553 |
| 801 | 2 | |a RU |b 63413507 |c 20220815 |g RCR | |
| 856 | 4 | |u https://design.lms.tpu.ru/course/view.php?id=3422 | |
| 942 | |c CF | ||